00690nam a2200241 a 4500001001300000003000900013005001700022008004100039020000900080082001700089100001900106245003700125260004200162300000900204500003500213505001300248650002000261700001900281902000800300942000700308952011600315999001700431nice12345678IN_TiNIC20260116014611.0050524s2001 alia grp 000 0 urd  ac6000a922.97bABD1 aAbdullah, Syed aSir Syed Awr Unke Naamwar Rufaqa aAligarhbEducational Book Housec2001 a352p aincludes index and biblioraphy2 aGlossary aSyed Ahmad Khan1 aAbdullah, Syed bSRS cBK 001040708StackRoom-aHMIbHMId2007-06-05g60.00l0o922.97 ABD1p021101r2007-06-05v60.00w2005-05-24yBK c16166d16166